000 00990nam a22002895i 4500
001 11099
003 ES-MaACL
005 20240420063010.0
008 940413s1993 sp ||||0| spa
020 _a84-87101-88-7
080 _a929 Bergamín, José
080 _a929 Unamuno, Miguel de
100 1 _aBergamín, José,
_d1895-1983
_927925
245 1 3 _aEl epistolario
_b: (1923-1935) /
_cJosé Bergamín y Miguel de Unamuno ; edición al cuidado de Nigel Dennis.
250 _a1ª ed.
260 _aValencia :
_bPre-Textos,
_c1993.
300 _a223 p ;
_c19 cm.
490 1 _aPre-textos ;
_v171
504 _aBibliografía: p. 221-223.
600 1 4 _aBergamín, José-
_vCorrespondencia.
_927926
600 1 7 _aUnamuno, Miguel de,
_d1864-1936-
_vCorrespondencia
_2
_9168906
700 1 _aUnamuno, Miguel de,
_d1864-1936
_9111982
700 1 _aDennis, Nigel.
_943725
830 1 _aPre-textos ;
_v171
_9178641
852 _aES-MaACL
_jL-18381
999 _c11099
_d11099